Normal view
MARC view
- Kani, Nagoor A
Entry Personal Name
001 - CONTROL NUMBER
- control field: 6881
003 - CONTROL NUMBER IDENTIFIER
- control field: OSt
005 - DATE AND TIME OF LATEST TRANSACTION
- control field: 20250108160451.0
008 - FIXED-LENGTH DATA ELEMENTS
- fixed length control field: 250108|| aca||aabn | a|a d
040 ## - CATALOGING SOURCE
- Original cataloging agency: OSt
- Transcribing agency: OSt
100 ## - HEADING--PERSONAL NAME
- Personal name: Kani, Nagoor A
670 ## - SOURCE DATA FOUND
- Source citation: Work cat.: (OSt)13426: Kani, Nagoor A ., Electric circuit analysis / , 2007.
